Planning practice under NPPG7: planning and flooding (Record no. 72312)

MARC details
000 -LEADER
fixed length control field 01679cam a2200253 4500
001 - CONTROL NUMBER
control field ABS66549
008 - FIXED-LENGTH DATA ELEMENTS--GENERAL INFORMATION
fixed length control field 030318n2003 000 0 eng u
035 ## - SYSTEM CONTROL NUMBER
System control number (Sirsi) u121651
100 ## - MAIN ENTRY--PERSONAL NAME
Personal name Tavendale, A.
245 ## - TITLE STATEMENT
Title Planning practice under NPPG7: planning and flooding
260 ## - PUBLICATION, DISTRIBUTION, ETC.
Date of publication, distribution, etc. 2003
490 ## - SERIES STATEMENT
Series statement Scottish Planning and Environmental Law
Volume/sequential designation (95) February 2003, 11-13(3)
520 ## - SUMMARY, ETC.
Summary, etc. Discusses the findings of a University of Leeds study into planning practice among Scottish planning authorities following the publication of "National Planning Policy Guideline 7: planning and flooding" (NPPG7) in 1995. Outlines the key features of NPPG7 including its precautionary principle in relation to planning and flooding (para 19) and the role of the Scottish Environment Protection Agency (SEPA). The study was based on the results of a questionnaire survey sent to all 32 local authorities in Scotland asking for feedback on the incorporation of flood risk into the planning process. Presents the findings of the study, in particular looking at the designation of flood risk areas, the incorporation of flood risk into local and structure plans, the advice provided by SEPA, and the formation of Flood Appraisal Groups (FAGs). Concludes that NPPG7 has fundamentally changed planning practice in Scotland but identifies a number of key issues for the future.
590 ## - LOCAL NOTE (RLIN)
Local note ABS
650 ## - SUBJECT ADDED ENTRY--TOPICAL TERM
Topical term or geographic name entry element SCOTLAND
650 ## - SUBJECT ADDED ENTRY--TOPICAL TERM
Topical term or geographic name entry element NPPG7
650 ## - SUBJECT ADDED ENTRY--TOPICAL TERM
Topical term or geographic name entry element FLOOD RISK
650 ## - SUBJECT ADDED ENTRY--TOPICAL TERM
Topical term or geographic name entry element NATIONAL PLANNING POLICY GUIDANCE
650 ## - SUBJECT ADDED ENTRY--TOPICAL TERM
Topical term or geographic name entry element PLANNING AUTHORITIES
650 ## - SUBJECT ADDED ENTRY--TOPICAL TERM
Topical term or geographic name entry element FLOODING
690 ## - LOCAL SUBJECT ADDED ENTRY--TOPICAL TERM (OCLC, RLIN)
Topical term or geographic name as entry element ENVIRONMENTAL AND LAND CONSULTANCY-PLANNING AND DEVELOPMENT
700 ## - ADDED ENTRY--PERSONAL NAME
Personal name Black, A.
942 ## - ADDED ENTRY ELEMENTS (KOHA)
Suppress in OPAC 0
Holdings
Withdrawn status Lost status Source of classification or shelving scheme Damaged status Not for loan Home library Current library Shelving location Date acquired Total Checkouts Full call number Barcode Date last seen Copy number Price effective from Koha item type
    Dewey Decimal Classification     London London Journal article 18/03/2003   ABS66549 121651-1001 06/08/2019 1 06/08/2019 Journal article